000 00570nam a2200241Ia 4500
005 20260320201218.0
008 008 262003s9999 xx 000 0 eng d
037 _aEBOOK
040 _aCRL
040 _beng
040 _cCRL
041 _2eng
041 _aeng
084 _qCRL
100 _aChapple
245 0 _aCISM Certified Information Security Manager Study Guide
260 _bIEEE
260 _c2022
856 _uhttps://ieeexplore.ieee.org/servlet/opac?bknumber=9946649
942 _cEBOOK
999 _c1719710
_d1719710